000 01077nam a2200265Ia 4500
003 OSt
005 20221005105120.0
006 a|||||r|||| 00| 0
007 ta
008 221004b |||||||| |||| 00| 0 hin d
020 _a9789380172668 (pbk)
_cINR 180.00
024 _a37634
037 _b1517, 21/02/2018, Bookwell
_cTextual
040 _aCRL
_cCRL
_bhin
041 _2hin
_ahin
082 _aY:1.2, 152Q6.1-.2
100 _aठाकरान, आर. सी., संपा.
245 0 _aभारतीय उपमहाद्वीप की संस्कृतियां
246 _aBhāratīya upamahādvīp kī sanskṛutiyāan
260 _aदिल्ली
_bहिन्दी माध्यम कार्यान्वय निदेशालय भारत
_c2016
490 _vभाग 1
650 _aभारतीय-लोक संस्कृति
942 _hY:1.2, 152Q6.1-.2
_cTEXL
_2cc
999 _c1014805
_d1014805